01009nam a2200205 a 450000100100000000500170001000800410002704000250006808200140009311000400010724500570014726000690020430000200027304900090029395201270030295201270042995201120055695201180066899900170078600003027920250409122710.0110509s1986 dr 000 0 spa d aDO-SdBNPbspacBNPHU axxxbP9761 aUniversidad Central del Este93722910aPublicaciones de la Universidad Central del Este. /. aSan Pedro de Macorís, República Dominicana :bTaller,c1986. a34 p. ;c23 cm. aBNPD 001054708DSaGRbGRcCTd2011-11-23iLF1l0oxxx P976p30279-30r2020-06-25te. 3w2020-06-25yLFDSZPréstamo en sala 001054708DSaGRbGRcCTd2012-01-24iLF1l0oxxx P976p30279-40r2020-06-25te. 4w2020-06-25yLFDSZPréstamo en sala 0010718PDaPDbPDcHDd2011-05-09iLF1l0oxxx P976p30279-10r2020-06-25w2020-06-25yLFPDZNo se presta 0010718PDaPDbPDcCTd2011-05-11iLF1l0oxxx P976p30279-20r2020-06-25te. 2w2020-06-25yLFPDZNo se presta c29771d29771